000 00824nam a2200217 i 4500
001 158372
003 ES-MaACL
005 20250905155428.0
008 950111s1885 sp |||| | spa d
040 _aCARM
_bspa
100 0 _aMacaulay, Thomas Babington Macaulay
_cBaron.
_975067
245 1 0 _aDiscursos parlamentarios /
_cde Lord Macauly ; traducidos del inglés por Daniel López.
260 _aMadrid :
_bLuis Navarro, ed.,
_c1885 (
_fImprenta central y estereotipia a cargo de V. Saiz)
300 _aLIV, 305 p. ;
_c18 cm.
490 1 _aBiblioteca Clásica ;
_v78
651 4 _aGran Bretaña-
_xHistoria-
_y1837-1901, Victoria.
_9144250
700 1 _aLópez, Daniel,
_d1859-1933
_9162244
830 0 _aBiblioteca Clásica ;
_v78
_9180370
852 _aES-MaACL
_jF-13131
_z-- Enc. tela
999 _c158372
_d158372